Distributed Computer Control for Industrial Automation (Record no. 166896)

MARC details
000 -LEADER
fixed length control field 00482nam a2200181Ia 4500
008 - FIXED-LENGTH DATA ELEMENTS--GENERAL INFORMATION
fixed length control field 240823s9999||||xx |||||||||||||| ||und||
082 ## - DEWEY DECIMAL CLASSIFICATION NUMBER
-- 670.427 N0
100 ## - MAIN ENTRY--PERSONAL NAME
Personal name "Popovic,Dobrivoje"
245 #0 - TITLE STATEMENT
Title Distributed Computer Control for Industrial Automation
260 ## - PUBLICATION, DISTRIBUTION, ETC. (IMPRINT)
Date of publication, distribution, etc 1990
Name of publisher, distributor, etc "Marcel Dekker,New"
500 ## - GENERAL NOTE
General note TRANSFERED
650 ## - SUBJECT ADDED ENTRY--TOPICAL TERM
Topical term or geographic name as entry element Automation
700 ## - ADDED ENTRY--PERSONAL NAME
Personal name Vijay P Bhatkar
942 ## - ADDED ENTRY ELEMENTS (KOHA)
Item type Books
Holdings
Withdrawn status Lost status Damaged status Permanent location Current location Shelving location Date acquired Cost, normal purchase price Full call number Barcode Date last seen Koha item type
      CENTRAL LIBRARY, NOORUL ISLAM CENTRE FOR HIGHER EDUCATION CENTRAL LIBRARY, NOORUL ISLAM CENTRE FOR HIGHER EDUCATION   05/24/2004 250.00 670.427 N0 21472 08/23/2024 Books
Visitors:
Copyright © 2024 Central Library NICHE.  All rights reserved.